| 000 | 00721cab a2200217 4500 | ||
|---|---|---|---|
| 001 | WB3043-38 | ||
| 008 | 090401t1994 xxu||||| |||| 00| 0 eng d | ||
| 035 | _a(Sirsi) u4191 | ||
| 041 | _aeng | ||
| 245 | _aGas regulations | ||
| 260 | _c1994 | ||
| 350 | _a0 | ||
| 490 |
_aCSM (Chartered Surveyor Monthly) _v4(2) November/December 1994, 65(1) |
||
| 520 | _aDraws attention to the Gas Safety (Installation and Use) Regulations 1994 (SI 1994:1886) which states that non-room sealed boilers must not be installed in rooms used as private bathrooms or shower rooms. | ||
| 650 | _aGAS BOILERS | ||
| 650 | _aGAS INSTALLATION | ||
| 650 |
_aHEALTH AND SAFETY _96244 |
||
| 690 | _aLAW | ||
| 942 | _n0 | ||
| 948 | _c04/03/1997 | ||
| 999 |
_c2507 _d2507 |
||